| 000 | 00626nam a2200241 a 4500 | ||
|---|---|---|---|
| 999 |
_c8440 _d8440 |
||
| 001 | 8440 | ||
| 003 | BD-JhCC | ||
| 005 | 20180224180551.0 | ||
| 008 | 180224s1965 e a|||| || | 001 0 eng d | ||
| 035 | _a(BD-JhCC)8440 | ||
| 040 |
_aBD-JhCC _dBD-JhCC |
||
| 041 | _aeng | ||
| 082 |
_a370 _bFRA 1965 |
||
| 100 | _aFrasier, James E. | ||
| 245 |
_aAn Introduction to the Study of Education / _cJames E. Frasier, |
||
| 250 | _a3rd ed. | ||
| 260 |
_aLondon : _bHaeper & Row, Publishers _c1965. |
||
| 300 |
_a303 p. : _bill. ; _c25 cm. |
||
| 504 | _aIncludes Index | ||
| 650 | _aEducation | ||
| 942 |
_2ddc _cBK |
||